English structure practice /
Guardado en:
| Autor Principal: | |
|---|---|
| Formato: | Libro |
| Publicado: |
Estados Unidos de América :
Longman,
1981
|
| Materias: | |
| Etiquetas: |
Agregar Etiqueta
Sin Etiquetas, Sea el primero en etiquetar este registro!
|
| LEADER | 00562nam a22001815a 4500 | ||
|---|---|---|---|
| 001 | CEM.cems007431 | ||
| 005 | 20060214000000.0 | ||
| 008 | 130507s1981##################000#0#####d | ||
| 003 | CEMS | ||
| 082 | 0 | 4 | |a 425 |
| 100 | 1 | |a Drummond, Gordon | |
| 245 | 1 | 0 | |a English structure practice / |
| 260 | |a Estados Unidos de América : |b Longman, |c 1981 | ||
| 300 | |a 440 p. | ||
| 505 | 0 | |a English sentence patterns and multi-level practice exercises with grammar notes.- | |
| 653 | |a Ingles | ||
| 653 | |a Ingles-gramática | ||
| 859 | |a CEMS |b BIB. CEMS - 11 de abril |h 425 |i D845 |p 17323.93 |t Ej.1 | ||
